Advanced geoinformation science (Record no. 11146)

MARC details
000 -LEADER
fixed length control field 01985nam a2200337Ia 4500
001 - CONTROL NUMBER
control field CRC0KE10499PDF
003 - CONTROL NUMBER IDENTIFIER
control field BD-DhSAU
005 - DATE AND TIME OF LATEST TRANSACTION
control field 20151012144300.0
006 - FIXED-LENGTH DATA ELEMENTS--ADDITIONAL MATERIAL CHARACTERISTICS
fixed length control field m|||||o||d||||||||
007 - PHYSICAL DESCRIPTION FIXED FIELD--GENERAL INFORMATION
fixed length control field cr||||
008 - FIXED-LENGTH DATA ELEMENTS--GENERAL INFORMATION
fixed length control field 110310s2011 fluabd sb 001 0 eng d
020 ## - INTERNATIONAL STANDARD BOOK NUMBER
International Standard Book Number 9781439810613 (ebook : PDF)
040 ## - CATALOGING SOURCE
Original cataloging agency BD-DhSAU
Transcribing agency BD-DhSAU
090 ## - LOCALLY ASSIGNED LC-TYPE CALL NUMBER (OCLC); LOCAL CALL NUMBER (OCLC)
Classification number (OCLC) (R) ; Classification number, CALL (RLIN) (NR) G70.212
Local cutter number (OCLC) ; Book number/undivided call number, CALL (RLIN) .A385 2011
092 ## - LOCALLY ASSIGNED DEWEY CALL NUMBER (OCLC)
Classification number 910.285
Item number A244
245 00 - TITLE STATEMENT
Title Advanced geoinformation science
Medium [electronic resource] /
Statement of responsibility, etc. edited by Chaowei Yang ... [et al.].
260 ## - PUBLICATION, DISTRIBUTION, ETC. (IMPRINT)
Place of publication, distribution, etc. Boca Raton :
Name of publisher, distributor, etc. Taylor & Francis,
Date of publication, distribution, etc. 2011.
300 ## - PHYSICAL DESCRIPTION
Extent xvi, 485 p. :
Other physical details ill., maps.
500 ## - GENERAL NOTE
General note "A CRC title."
504 ## - BIBLIOGRAPHY, ETC. NOTE
Bibliography, etc Includes bibliographical references and index.
505 0# - FORMATTED CONTENTS NOTE
Formatted contents note 1. Advanced geoinformation science : an overview / Chaowei Yang, David Wong, and Ruixin Yang -- 2. Earth observations / Long S. Chiu ... [et al.] -- 3. Geoinformation computing platforms / Qunying Huang ... [et al.] -- 4. Data access and data systems / Ruixin Yang, Hampapuram K. Ramapriyan, and Carol B. Meyer -- 5. Spatial data analysis and geoinformation extraction / Arie Croitoru ... [et al.] -- 6. Geoinformation infrastructure (GII) / Xuan Shi ... [et al.] -- 7. Geoinformation knowledge representation and applications / Rob Raskin, Naijun Zhou, and Wenwen Li -- 8. Environmental and related applications / Joan L. Aron ... [et al.] -- 9. Other applications / Meixia Deng ... [et al.] -- 10. Vision for geoinformation science / Kennith Foote ... [et al.].
530 ## - ADDITIONAL PHYSICAL FORM AVAILABLE NOTE
Additional physical form available note Also available in print edition.
538 ## - SYSTEM DETAILS NOTE
System details note Mode of access: World Wide Web.
650 #0 - SUBJECT ADDED ENTRY--TOPICAL TERM
Topical term or geographic name as entry element Geographic information systems.
650 #0 - SUBJECT ADDED ENTRY--TOPICAL TERM
Topical term or geographic name as entry element Geographic information systems
General subdivision Technological innovations.
650 #0 - SUBJECT ADDED ENTRY--TOPICAL TERM
Topical term or geographic name as entry element Geospatial data.
655 #7 - INDEX TERM--GENRE/FORM
Genre/form data or focus term Electronic books.
Source of term lcsh
700 1# - ADDED ENTRY--PERSONAL NAME
Personal name Yang, Chaowei.
776 1# - ADDITIONAL PHYSICAL FORM ENTRY
International Standard Book Number 9781439810606
856 40 - ELECTRONIC LOCATION AND ACCESS
Uniform Resource Identifier <a href="http://marc.crcnetbase.com/isbn/9781439810613">http://marc.crcnetbase.com/isbn/9781439810613</a>
Electronic format type application/PDF

No items available.